00647cam a2200181 a 4500020001700000020001500017040000800032082002600040100002100066245003100087260012600118300002600244500012700270650001500397700002200412700001500434700001600449 a0915707144 : a0915707152 cDLC a338 DIS 1985 A020 Or.1 aBarker, Randolph14aThe rice economy of Asia / aWashington, D.C. :bResources for the Future ;a[Baltimore, Md.] :bDistributed by Johns Hopkins University Press,cc1985 a2 v. :bill. ;c29 cm aVol. 2 has special title: Appendix to The rice economy of Asia : rice statistics by country, tables with notes / Beth Rose 0aRice trade1 aHerdt, Robert W.,1 aRose, Beth1 aRose, Beth.